Người em xóm học : Tuyển tập truyện ngắn & tiểu luận

Giới thiệu tuyển tập truyện ngắn và tiểu luận của tác giả Kiệt Tuấn.

Đã lưu trong:
書目詳細資料
主要作者: Kiệt Tấn
格式: 圖書
語言:Undetermined
出版: Hà Nội Thời đại 2011
主題:
標簽: 添加標簽
沒有標簽, 成為第一個標記此記錄!
Thư viện lưu trữ: Trung tâm Học liệu Trường Đại học Cần Thơ
LEADER 00803nam a2200217Ia 4500
001 CTU_176423
008 210402s9999 xx 000 0 und d
020 |c 110000 
082 |a 895.9223 
082 |b K308 
100 |a Kiệt Tấn 
245 0 |a Người em xóm học : 
245 0 |b Tuyển tập truyện ngắn & tiểu luận 
245 0 |c Kiệt Tấn 
260 |a Hà Nội 
260 |b Thời đại 
260 |c 2011 
520 |a Giới thiệu tuyển tập truyện ngắn và tiểu luận của tác giả Kiệt Tuấn. 
650 |a Short stories, Vietnamese,Vietnamese fiction,Truyện ngắn Việt Nam,Tiểu thuyết Việt Nam 
904 |i Năm 
980 |a Trung tâm Học liệu Trường Đại học Cần Thơ